[Event "Moscow Tal Memorial 6th"]
[Site "Moscow"]
[Date "2011.11.16"]
[Round "1"]
[White "Kramnik, Vladimir"]
[Black "Nepomniachtchi, Ian"]
[Result "0-1"]
[WhiteElo "2800"]
[BlackElo "2730"]
[Annotator "Ramirez Alvarez,A"]
[PlyCount "106"]
[EventDate "2011.11.16"]
[EventType "tourn"]
[EventRounds "9"]
[EventCountry "RUS"]
[EventCategory "22"]
[SourceTitle "CBM 146"]
[Source "ChessBase"]
[SourceDate "2012.01.18"]
[SourceVersion "1"]
[SourceVersionDate "2012.01.18"]
[SourceQuality "1"]
[TimeControl "6000+30"]

1. Nf3 c5 2. c4 Nc6 3. Nc3 e5 4. g3 g6 5. Bg2 Bg7 6. a3 d6 7. O-O Nge7 {
This solid setup for Black has a great deal of value and is an interesting way
of meeting the English Opening.} 8. b4 {This pawn is completely poisoned, but
the queenside expansion doesn't guarantee White an advantage. Black must be
swift, though, or he will be crushed strategically.} (8. Ne1 {with the idea of
Nc2-e3 is a common idea in this position, but White would definitely omit a3
in that case.}) 8... e4 9. Ne1 f5 10. Bb2 O-O 11. d3 Be6 12. dxe4 (12. Rb1 $5 {
The game seems highly unstable, but I'd prefer White.}) 12... fxe4 13. Bxe4
Bxc4 {This strange looking position is actually not new. It's hard to say
exactly what is going on in this position, but let's give it a try. Black
dreams of pushing forward his d-pawn, causing problems for the white pieces
which currently hold the centre. Black has a nagging pin on the long dark
diagonal. On the other hand, White's pawn structure is slightly healthier. The
next few moves are very key to determine who will win the opening battle.} 14.
Nc2 $6 {The first new move of the game doesn't seem to be particularly
successful. The move does little to impair the advance of the d-pawn.} (14. Nd3
{had been tried before} d5 15. Bg2 Bxd3 16. exd3 (16. Qxd3 $5 c4 17. Qd1 d4 18.
Ne4 {and the pair of bishops does cause the central push some problems.}) 16...
cxb4 17. axb4 Nxb4 18. Qb3 a5 19. Ba3 {and White had some compensation for the
pawn, but it's not clear how much in Zubarev-Borovikov, Ukraine ch 2008.
Notice the recurring theme of the advancing central pawns.}) (14. bxc5 dxc5 15.
Nd3 Nd4 $1 {gives Black a lot of activity, although the position is still
incredibly murky.}) 14... d5 15. Bg2 d4 $6 {Nepo goes for the throat. It was
possible to hold the centre for a little longer.} (15... b6 {and Black's
position must be preferable. His strong pawn centre and greater activity can't
be understimated, and White doesn't have a clear next move.} 16. Ne3 $2 d4 17.
Nxc4 dxc3 {is atrocious for White.}) 16. Ne4 (16. Na4 $2 b6 $1 17. bxc5 $2 b5
$19 {is a nice trick.}) 16... Bxe2 {I don't think any other move made sense
after having played d4 so soon, but who will come out of the tactical melee on
top?} 17. Qxe2 d3 18. Qg4 Bxb2 19. Rad1 Qc8 20. Qxc8 Raxc8 21. Rxd3 cxb4 (21...
c4 22. Rd7 b5 23. Rb1 Bg7 24. Nd6 $14 {is too risky for Black. Despite the
fact that he has a strong passed pawn on c4, White has too much activity and
is currently blocking the advance of the said pawn. Black will be lucky if he
only loses a little bit of material.}) 22. axb4 Rcd8 {The dust has cleared
somewhat and it seems clear that Black got no advantage from the tactical
operations. However he isn't worse either, the game actually looks drawish
because of the opposite coloured bishops. Surely nothing unfortunate could
happen to Kramnik here.} 23. Rxd8 Rxd8 24. Rb1 (24. b5 {was more precise,
since now Black does not have ...Nd4, it forces the N to a5 where it would be
quite uncomfortable..} Nd4 25. Rb1 $14) 24... Bg7 25. h4 b5 26. Bf1 a6 27. Nc5
$6 {This is the start of Vlad's downfall. He allows Ian to gather a strong
initiative. It would've been safer to simply play...} (27. Bh3 {and keep an
eye on d2.}) 27... Rd2 28. Ne3 Bd4 29. Ne4 $6 {Backtracking, but it is too
late...} (29. Nxa6 Ne5 30. Bxb5 Nf5 {and for all of White's extra material his
position is very, very dicey. White might not be lost immediately but it seems
incredibly frightening to play this over the board. Let's look at some lines.}
31. Nxf5 (31. Nd1 Ng4 32. Nc5 $1 {This move might be the only one that allows
White to survive, but it isn't natural.} Nxf2 33. Nxf2 Bxf2+ 34. Kh1 {It seems
that white survives this position, but that can only be accurately said with
the help of a computer.} Bxg3 (34... Nxg3+ 35. Kg2 Bxc5+ 36. Kxg3 Bd6+ $11) 35.
Ne4 Rh2+ 36. Kg1 Bf4 (36... Be5 37. Nf6+ Kg7 38. Ng4 $11 {is a nice little
trick forcing further simplifications.}) 37. h5 $1 {and White can definitely
hope to survive this.}) 31... gxf5 $1 32. Kf1 $1 {More computer moves!} (32.
Rf1 $6 Ng4 33. Bc6 Bxf2+ 34. Kh1 Bxg3 {is very dangerous, as the f-pawn is
taboo.} 35. Rxf5 $2 Rh2+ 36. Kg1 Bf2+ 37. Rxf2 Rxf2 $17 {and White might hold
the endgame, but again it looks unlikely.}) 32... Rxf2+ 33. Ke1 Nf3+ 34. Kd1
$11 {and I can't find a forced win for Black. Actually I can't even find an
advantage. But, like most of the variations that start with 29.Nxa6, this
looks ridiculous from the perspective of a human who is in time pressure.})
29... Rb2 30. Rxb2 Bxb2 31. Nc2 Nd5 {The b4-pawn is lost, and the endgame is
most unpleasant. The opposite coloured bishops is the only thing giving White
any hope for a draw.} 32. Nc5 Ndxb4 33. Nxb4 Nxb4 34. Nd3 (34. Nxa6 $5 Nxa6 35.
Bxb5 Nc5 36. Kg2 {I'm not 100% sure on how easy it is to break down this
fortress. It is not easy to coordinate an attack on the white pawns, since
Black's bishop is the wrong color and the bishops can never be forced to be
traded for each other. I guess Vlad didn't see a need for this though.}) 34...
Nxd3 35. Bxd3 {It seems that the opposite coloured bishops are scream DRAW.
However things are not so easy just yet.} Kf7 36. f4 (36. h5 gxh5 37. Bxh7 a5
38. Bd3 b4 {is just hopeless, the bishop must guard the pawns for as long as
possible.}) 36... Ke6 37. Kf2 Kd5 38. Ke2 Kc5 39. Kd2 $2 {This is not the
losing move, but the idea is already incorrect. Kramnik should've immediately
forced the liquidation of the kingside.} (39. f5 {would have drawn.} gxf5 (
39... a5 40. fxg6 hxg6 (40... a4 41. Bf5 a3 42. Be6 hxg6 43. Kd3) 41. Bxg6 a4
42. Kd3 $11) 40. Bxf5 a5 (40... h6 41. g4 b4 (41... Bf6 42. g5 hxg5 43. hxg5
Bxg5 44. Kd3 {and the bishop will keep the pawns under attack from behind,
preventing Black from ever making any progress as he cannot go "around" the
pawns.}) 42. Be6 a5 43. g5 a4 44. Bd7 {is a simple draw.}) 41. Bxh7 a4 42. Kd3
Be5 43. Bf5 Bxg3 44. Bd7 $11) 39... a5 40. f5 $2 {White has played in a very
standard manner so far. He is trying to get rid of all the kingside pawns, but
first he brought his king to catch the queenside pawns. It is hard to believe
that such simple logic would have failed so completely.} (40. g4 a4 41. Bc2 {
might still hold, but it isn't as easy.}) 40... a4 $19 (40... gxf5 $2 {
transposes to the previous line} 41. Bxf5 h6 42. g4 Bf6 43. g5 hxg5 44. hxg5
Bxg5+ 45. Kc2 a4 46. Bd7) 41. Bc2 $2 {White has played in a very standard
manner so far. He is trying to get rid of all the kingside pawns, but first he
brought his king to catch the queenside pawns. It is hard to believe that such
simple logic would have failed so completely.} (41. fxg6 b4 $1 {must have been
what Kramnik missed originally. Black isn't forced to retake on g6 since the B
is neatly controlling the white pawns. On the other hand, no one is able to
catch the queenside pawns anymore.} 42. gxh7 (42. Bc2 b3 43. Bxb3 axb3 44. gxh7
Kb4 $1 $19) 42... Bc3+ 43. Ke3 a3 $19) 41... a3 42. Bb1 gxf5 {Now that the
kingside pawns cannot be exchanged, Black is able to create two passers on
opposite flanks, overburdening the K and the B.} 43. Kc2 Kb4 44. Ba2 Be5 45.
Be6 a2 (45... h5 {was slightly easier.}) 46. Bxa2 Bxg3 47. h5 h6 48. Kd3 Ka3
49. Bd5 b4 50. Kc2 Be5 51. Bb3 f4 52. Bd5 Bf6 53. Kb1 b3 {Black will now
proceed to swing the K to aid the f-pawn after cementing the pawn on b2; there
is nothing White can do about it. There is a saying that it takes more than
one minor mistake to lose a chess game. Kramnik erred several times, and
although he almost scraped a draw, he just erred one time too many.} 0-1

[Event "EU-Cup 22nd"]
[Site "Fuegen"]
[Date "2006.10.14"]
[Round "7.4"]
[White "Filippov, Valerij"]
[Black "Tregubov, Pavel V"]
[Result "0-1"]
[WhiteElo "2562"]
[BlackElo "2596"]
[Annotator "Reeh,O"]
[PlyCount "90"]
[EventDate "2006.10.08"]
[EventType "team-swiss"]
[EventRounds "7"]
[EventCountry "AUT"]
[SourceTitle "CBM 115"]
[Source "ChessBase"]
[SourceDate "2006.11.15"]
[SourceVersion "1"]
[SourceVersionDate "2006.11.15"]
[SourceQuality "1"]
[WhiteTeam "Kazan Ladya"]
[BlackTeam "Clichy Echecs 92"]
[WhiteTeamCountry "RUS"]
[BlackTeamCountry "FRA"]

1. Nf3 c5 2. c4 Nc6 3. Nc3 e5 4. g3 g6 5. Bg2 Bg7 6. O-O d6 7. a3 Nge7 8. d3
O-O 9. Rb1 a5 10. Ne1 Be6 11. Bg5 f6 12. Be3 b6 13. Nc2 d5 14. cxd5 Nxd5 15.
Nxd5 Bxd5 16. Bxd5+ Qxd5 17. b4 axb4 18. axb4 f5 19. bxc5 f4 20. Bc1 bxc5 21.
Rb5 Ra5 22. Rxa5 Nxa5 23. Na3 f3 24. exf3 Nc6 25. Be3 Nb4 26. Nc4 Rxf3 27. Nb6
Qf7 28. Qe2 Bf8 29. Ra1 Rf6 30. Ra8 Qc7 31. Nc4 Qb7 32. Re8 Qd7 33. Bg5 $2 {
Losing a pawn. Verliert einen Bauern.} (33. Rxf8+ $1 {would have revlieved
White from all his worries, e.g. hätte Weiß von sämtlichen Sorgen befreit, z.B.
} Rxf8 (33... Kxf8 $2 34. Bxc5+ Kg8 35. Bxb4) 34. Bxc5 Rb8 (34... Qxd3 35. Qxd3
Nxd3 36. Bxf8 Kxf8 37. Kf1 $16) 35. Bd6 Rb5 36. Qe4 {with perfect coordination.
mit perfekter Koordination.}) 33... Rxf2 $1 {Winning an important pawn.
Gewinnt einen wichtigen Bauern.} 34. Qxe5 Nxd3 35. Qe4 Rf5 ({Better was Besser
war} 35... Rf7 {, for example , zum Beispiel} 36. Bh6 $2 Nf2 $1 $19) 36. Be3 $2
({Now Nun war} 36. Bh6 $1 {was possible, since möglich, da} Nf2 $2 {fails to an
} 37. Qxf5 $1 {scheitert.}) {[%tqu "En","Black can win material here, how?",
"White's queen has to protect the rook on e8. If the knight on d3 moves, Black
threatens Qd1+ and Qf1++.","","d3e5","Blocking the e-file while threatening
mate.",10,"De","Schwarz kann hier Material gewinnen, wie?","Die weiße Dame
muss den Turm auf e8 decken. Wenn der Sd3 zieht, droht Schwarz Dd1+ und Df1++.
","","d3e5","Unterbricht unter Mattdrohung die Deckung des Turms e8.",10]}
36... Ne5 $1 {Winning material due to the threat 37...Qd1+ and mate. Gewinnt
Material aufgrund der Drohung 37...Dd1+ nebst Matt.} 37. Qxf5 {Desperation.
Verzweiflung.} (37. Rxf8+ Rxf8 {is no better. ist nicht besser.}) 37... Qxf5
$19 38. Rxe5 Qb1+ 39. Kg2 Qc2+ 40. Nd2 c4 41. Re8 Kf7 42. Rc8 c3 43. Rc7+ Ke6
44. Rc6+ Kd7 45. Rc4 Qd3 0-1

[Event "EU-ch 5th"]
[Site "Antalya"]
[Date "2004.05.22"]
[Round "7"]
[White "Markowski, Tomasz"]
[Black "Akesson, Ralf"]
[Result "0-1"]
[WhiteElo "2605"]
[BlackElo "2476"]
[Annotator "Ribli,Z"]
[PlyCount "68"]
[EventDate "2004.05.15"]
[EventType "swiss"]
[EventRounds "13"]
[EventCountry "TUR"]
[SourceTitle "CBM 101"]
[Source "ChessBase"]
[SourceDate "2004.07.27"]
[SourceVersion "1"]
[SourceVersionDate "2004.07.27"]
[SourceQuality "1"]

1. g3 c5 2. Bg2 Nc6 3. c4 g6 4. Nc3 Bg7 5. Nf3 e5 6. O-O d6 7. d3 Nge7 8. a3
O-O 9. Rb1 a5 10. Bd2 Rb8 (10... h6 {Dieser Bauernzug wäre die andere
Möglichkeit für Schwarz - damit bereitet er den Zug 11...Be6 vor und
verteidigt sich gegen Ng5.}) 11. Qa4 b6 $5 {Interessante Spielweise -. Schwarz
verstärkt seine Bauernstellung am Damenflügel, aber er möchte noch nicht
seinen c8-Läufer entwickeln. Psychologisch ist dieser Zug auch gut, da
Großmeister Markowski große Routine in der Variante 11...Bd7 besitzt.} (11...
Bd7 12. Nb5 (12. Rfc1 $5) 12... Nf5 (12... Na7 13. Bxa5 Qe8 14. Bc7 Ra8 15.
Qxa7 Rxa7 16. Nxa7 Qa8 17. Nb5 Bxb5 18. cxb5 Nd5 19. Bxd6 Rd8 20. Bxe5 {
1-0 Markowski,T-Schmidt,W/Lubniewice 2003/EXT 2004 (42)}) 13. Qd1 Ncd4 14. Nc3
Nxf3+ 15. Bxf3 Nd4 16. Bg2 b5 17. e3 b4 18. axb4 cxb4 19. exd4 bxc3 20. Bxc3
exd4 21. Bd2 a4 22. b4 axb3 23. Rxb3 Qc7 24. Rxb8 {1/2-1/2 Markowski,
T-Kasimdzhanov,R/Rethymnon 2003/CBM 98 (24)}) (11... Be6 12. Nb5 {[%csl Gb5]
[%cal Gb2b4]} h6 13. b4 {Nach diesem Zug bekommt Weiß einige Initiative am
Damenflügel.} axb4 14. axb4 cxb4 15. Bxb4 Nxb4 16. Qxb4 d5 17. Nd2 Qd7 (17...
dxc4 18. Nxc4 $14) 18. Qd6 Rfd8 19. Qxd7 Rxd7 20. Rfc1 $14 {1-0 Markowski,
T-Gershon,A/Bermuda 2003/CBM 94/[Ribli] (61)}) 12. Nb5 {Weiß besetzt das
b5-Feld, aber lässt den d5-Punkt nicht unkontrolliert. Statt der
Partiefortsetzung ist die Alternative 12.Rfc1 und 13.Qd1 populär.} (12. Rfc1
Bd7 13. Qd1 h6 14. Ne1 (14. Nb5 d5 15. b4 axb4 16. axb4 Nxb4 17. Bxb4 cxb4 18.
Rxb4 dxc4 19. dxc4 Qc8 20. Nd2 Rd8 21. Qc2 Bf5 22. Ne4 Nc6 {1/2-1/2 Thiel,
K-Schulz,K/Germany 2003/EXT 2004 (49)}) 14... f5 (14... Be6 15. Nc2 d5 16. cxd5
Nxd5 17. Nxd5 Bxd5 18. Bxd5 Qxd5 19. b4 cxb4 20. axb4 e4 21. Ne3 Qe6 22. dxe4
Qxe4 23. Qc2 Qxc2 24. Nxc2 {1/2-1/2 Dizdarevic,E-Oral,T/Batumi 1999/CBM 74 (24)
}) 15. Nc2 Nd4 16. b4 axb4 17. axb4 Bc6 18. Bxc6 Nexc6 19. Nd5 f4 20. Ne1 Qd7
21. b5 Ne7 22. Nxe7+ Qxe7 23. e3 Ne6 {0-1 Mandekic,I-Saric,I/Zadar CRO 2003/
(39)}) 12... d5 {[%mdl 4] Wenn möglich befreit sich Schwarz von der
d5-Schwäche.} 13. Rfd1 (13. cxd5 Nxd5 $11) 13... h6 {[%cal Gc8e6] Mit diesem
prophylaktischen Zug bereitet Schwarz 13...Be6 vor, aber der Zug scheint mir
ein wenig langsam zu sein.} (13... d4 $5 $11) 14. b4 d4 (14... axb4 15. axb4
cxb4 16. Bxb4 Nxb4 17. Qxb4 $14) 15. bxc5 bxc5 16. Be1 $5 {[%cal Gf3d2,Gd2b3,
Gb3c5,Gb3a5] Dieser Läuferzug scheint auf den ersten Blick sonderbar, aber
Weiß bereitet das Springermanöver Nd2-Nb3 vor, wonach er die schwarzen Bauern
am Damenflügel angreifen kann.} (16. Qc2 f5 $11) 16... Bb7 (16... Bd7) 17. Nd2
Nc8 {[%cal Gc8b6,Gb6a4]} 18. Bxc6 $6 {[%mdl 16384] Weiß kalkuliert konkrete
Varianten und tauscht seinen Läufer, aber dieser Zug gefällt mir prinzipiell
nicht.} (18. Nb3 $4 Nb6 $19) (18. Qc2 $5 Qe7 $2 19. Bxc6 (19. Nb3 Ra8) 19...
Bxc6 20. Nxd4 $16) 18... Bxc6 19. Nb3 {[%cal Rb3a5,Rb3c5] Zwar hängen a5 und
c5, aber während Weiß am Damenflügel spielt bekommt Schwarz eine gefährliche
Initiative im Zentrum und am Königsflügel.} Nb6 (19... Ra8 20. Nxc5 Qe7 21. Ne4
(21. Nb3 $2 Nb6 $19) 21... f5 $44) 20. Qxa5 e4 21. Nxc5 (21. Na7 Ba8 22. Nxc5
exd3 23. exd3 Qf6 $44 {[%cal Rf6f3,Ra8h1]}) 21... exd3 22. exd3 Bf3 $1 $17 {
Nach diesem Läuferzug droht 23...Qc8 mit sofortigem Gewinn und es hängt der
Turm auf d1.} (22... Qf6 23. Nxd4 Qxd4 (23... Nxc4 24. dxc4 Rxb1 25. Rxb1 Qxd4
$132) 24. Rxb6 Qg4 $1 {[%cal Rg4d1]} 25. Rxc6 (25. Rxb8 Rxb8 26. Qd2 Qf3 27.
Ne4 Rb2 $19) 25... Qxd1 $17) 23. Ne4 (23. Rdc1 Qc8 $19 {[%cal Rc8h3,Rh3g2]})
23... Qd7 {[%cal Rd7h3,Rh3g2]} 24. Nd2 Bxd1 25. Rxd1 Qf5 {[%cal Rf5d3,Gf5a5]}
26. Nf1 Qf3 27. Qd2 {Weiß hat nichts anderes, seine Figurenstellung ist
katastrophal.} Na4 {[%csl Yc3][%cal Ga4c3,Ga4c5]} 28. Qc2 Nb2 $5 29. Rd2 Rfe8
30. Qb1 Na4 31. Rd1 Nb2 (31... Nc3 $19) 32. Rd2 Na4 33. Rd1 Nc3 $19 34. Bxc3
dxc3 {[%csl Rf2][%cal Re8e2]} 0-1